Regiões do Brasil - Statistics

Estatísticas Gerais
  • Esse quiz foi jogado 286 vezes
  • A pontuação média é 9 de 11
Estatísticas das Respostas
Questão Resposta % Correto
Qual é a região mais fria do Brasil? Sul
95%
Qual é a única região brasileira que não possui litoral? Região Centro-Oeste
84%
Qual região tem a maior faixa litorânea? Nordeste
82%
Qual região brasileira possui mais estados? Região Nordeste
81%
Qual é a maior região brasileira em extensão territorial? Região Norte
81%
Qual é o maior estado da Região Nordeste? Bahia
79%
Qual é a região mais populosa do país? Região Sudeste
79%
Qual é a primeira e a segunda região mais desenvolvida do país, respectivamente? Região Sudeste e Região Sul
77%
Qual é a menor região brasileira em extensão territorial? Região Sul
77%
Quais regiões brasileiras fazem fronteiras com outros países da América do Sul? Sul, Centro-Oeste e Norte
73%
Qual é a região com menores indicadores sociais, ou seja, a que mais enfrenta problemas de ordem social no país? Região Nordeste
61%
Nenhum quiz correspondente encontrado
Distribuição das Pontuações
Porcentagem de Pessoas com Cada Pontuação
Percentil de Números Respondidos
Sua Pontuação Histórica
Você não jogou esse quiz